| 000 | 00368pab a2200145 454500 | ||
|---|---|---|---|
| 008 | 180718b2006 xxu||||| |||| 00| 0 eng d | ||
| 100 | _aPerloff, Richard M. | ||
| 245 | _aCommunication and health care disparities | ||
| 260 | _c2006 | ||
| 300 | _ap.755-59. | ||
| 362 | _aFeb | ||
| 650 | _aHealth services | ||
| 773 | _aAmerican Behavioral Scientist | ||
| 909 | _a68874 | ||
| 999 |
_c68874 _d68874 |
||